000 00826nam a2200253 a 4500
001 64045
003 BD-RjUL
005 20211209081251.0
008 170208s1968 ii b 001 0 eng d
035 _a(BD-RjUL)64175
040 _aDLC
_cDLC
_dDLC
_dBD-RjUL
_beng
041 _aeng
082 _223
_a954
_bSHC 1968
100 1 _aSherwani, Haroon Khan
_9190230
245 1 0 _aCultural trends in medieval India :
_barchitecture, painting, literature & language /
_cH. K. Sherwani.
260 _aBombay ;
_aNew York :
_bAsia Pub. House,
_cc1968
300 _avi, 111 p. ;
_c23 cm.
490 _aHeras memorial lectures ;
_v1965
500 _aIncludes index.
504 _aBibliographical footnotes.
651 0 _aIndia
_xCivilization
_y1200-1765.
_9190231
830 _aHeras memorial lectures ;
_v1965
_9190233
942 _2ddc
_cBK
999 _c64045
_d64045